Một số vấn đề về phương pháp giảng dạy và nghiên cứu triết học
Sách gồm các bài giảng về bộ môn lý luận chính trị (Triết học, Kinh tế - chính trị, Chủ nghĩa xã hội khoa học)
Đã lưu trong:
| Tác giả chính: | |
|---|---|
| Định dạng: | Sách |
| Năm xuất bản: |
H.
Giáo dục
2001
|
| Chủ đề: | |
| Tags: |
Thêm thẻ
Không có thẻ, Hãy là người đầu tiên gắn thẻ bản ghi này!
|
| LEADER | 01349nam a2200205 4500 | ||
|---|---|---|---|
| 082 | |a 107.1 |b M458s | ||
| 100 | |a Nhiều tác giả | ||
| 245 | |a Một số vấn đề về phương pháp giảng dạy và nghiên cứu triết học |c Nhiều tác giả | ||
| 260 | |a H. |c 2001 |b Giáo dục | ||
| 300 | |a 204 tr. |c 21 cm | ||
| 520 | |a Sách gồm các bài giảng về bộ môn lý luận chính trị (Triết học, Kinh tế - chính trị, Chủ nghĩa xã hội khoa học) | ||
| 653 | |a Triết học | ||
| 653 | |a Phương pháp giảng dạy | ||
| 653 | |a Nghiên cứu | ||
| 942 | |2 ddc |c STK0 | ||
| 999 | |c 7410 |d 7410 | ||
| 952 | |0 0 |1 0 |2 ddc |4 0 |6 107_100000000000000_M458S |7 0 |8 100 |9 67639 |a qbu |b qbu |c D2 |d 2015-02-10 |g 12800 |o 107.1 M458s |p 7447.c1 |r 0000-00-00 |w 2015-02-10 |y STK0 |0 0 |6 107_100000000000000_M458S | ||
| 952 | |0 0 |1 0 |2 ddc |4 0 |6 107_100000000000000_M458S |7 0 |8 100 |9 67640 |a qbu |b qbu |c D2 |d 2015-02-10 |g 12800 |o 107.1 M458s |p 7447.c2 |r 0000-00-00 |w 2015-02-10 |y STK0 |0 0 |6 107_100000000000000_M458S | ||
| 952 | |0 0 |1 0 |2 ddc |4 0 |6 107_100000000000000_M458S |7 0 |8 100 |9 67641 |a qbu |b qbu |c D2 |d 2015-02-10 |g 12800 |o 107.1 M458s |p 7447.c3 |r 0000-00-00 |w 2015-02-10 |y STK0 |0 0 |6 107_100000000000000_M458S | ||
| 952 | |0 0 |1 0 |2 ddc |4 0 |6 107_100000000000000_M458S |7 0 |8 100 |9 67642 |a qbu |b qbu |c D2 |d 2015-02-10 |g 12800 |o 107.1 M458s |p 7447.c4 |r 0000-00-00 |w 2015-02-10 |y STK0 |0 0 |6 107_100000000000000_M458S | ||